000 00799nam a2200265Ia 4500
003 OSt
005 20220924115805.0
006 a|||||r|||| 00| 0
007 ta
008 220923b |||||||| |||| 00| 0 urd d
020 _a9789350731833 (hbk)
020 _c250
024 _a285280
037 _b4308, 19/11/2014, Kitabi Duniya
_cTextual
040 _aARTS
_cARTS
_burd
041 _2urd
_aurd
082 _aO168,1N25:g, Q3
100 _aTamkeen Sumaiyah
_9179597
245 0 _aNasir Kazmi ki shayeri mein paikar tarashi
260 _aDelhi
_bEducational Publishing House India
_c2013
300 _a235p.
_ccm.
650 _aURDU POETRY
942 _hO168,1N25:g, Q3
_cTEXL
_2CC
999 _c399901
_d399901